000 00742nam a2200253 a 4500
001 70987
003 BD-RjUL
005 20220426143545.0
008 170423s1957 caua b 001 0 eng d
035 _a(BD-RjUL)70987
040 _aCU
_cCU
_dBD-RjUL
_beng
041 _aeng
082 _223
_a534
_bHUA 1957
100 _aHunter, Joseph L.
_9210046
245 0 0 _aAcoustics /
_cJoseph L.Hunter
260 _aPrentice-Hall :
_bEnglewood Clifs,
_c1957.
300 _axv, 407 p. :
_bill. ;
_c29 cm.
504 _aIncludes bibliographical references (p. 324) and index.
650 0 _aAcoustics
_9210047
650 0 _aAcoustical engineering.
_9210048
650 0 _aNoise control.
_9159498
650 0 _aSoundproofing.
_9210049
942 _2ddc
_cBK
999 _c70987
_d70987